| 000 | 00513nam a22001817a 4500 | ||
|---|---|---|---|
| 003 | 0 | ||
| 005 | 20240116070036.0 | ||
| 008 | 240116b xxu||||| |||| 00| 0 eng d | ||
| 020 | _a978-1-5107-2765-6 | ||
| 050 |
_aER _bRun939 2019 |
||
| 082 |
_aER _bRun939 2019 |
||
| 100 | _aLewis, Anne Margaret | ||
| 245 |
_aThe runaway santa _cAnne Margaret Lewis |
||
| 260 |
_aNew York _bSky Pony Press _cc2019. |
||
| 300 |
_aunpaged : _bcolored illustrations ; _c15cm. |
||
| 650 | _aChildrens stories. | ||
| 942 |
_2lcc _cBK |
||
| 999 |
_c365859 _d365859 |
||